Zia-Ul-Haqq (Record no. 3134)

MARC details
000 -LEADER
fixed length control field 00658nam a2200241 a 4500
020 ## - INTERNATIONAL STANDARD BOOK NUMBER
ISBN
082 00 - DEWEY DECIMAL CLASSIFICATION NUMBER
Classification number 297.86
Author Cutter AHM16
100 ## - MAIN ENTRY--AUTHOR NAME
Author name Ahmad, Mirza Ghulam
245 ## - TITLE STATEMENT
Title Zia-Ul-Haqq
260 ## - PUBLICATION, DISTRIBUTION, ETC. (IMPRINT)
Place of publication Lahore
Name of publisher Ahmadiyya Anjuman Ishaat-E-Islam
Year of publication 1898
300 ## - PHYSICAL DESCRIPTION
Number of Pages 48p.
500 ## - GENERAL NOTE
General note includes index and biblioraphy
505 2# - FORMATTED CONTENTS NOTE
Formatted contents note also contains nishan-e-asmani, asmani faisla siraj-e-munir and risala tuhfa-e-baghdad.
650 ## - SUBJECT ADDED ENTRY--TOPICAL TERM
Topical Term Ahmadiyyah
942 ## - ADDED ENTRY ELEMENTS (KOHA)
Koha item type Books
700 1# -
-- Ahmad, Mirza Ghulam
Holdings
Collection code Home library Current library Date acquired Cost, normal purchase price Full call number Accession Number Koha item type
  Henry Martyn Institute Library Henry Martyn Institute Library 06/29/2007 100.00 297.86 AHM16 06443 Books
                   Copyright © 2026 | Henry Martyn Institute | Hyderabad | TS-500052 | INDIA | Implemented by hmi.edu.in
Hit-Count:

Powered by Koha